Education and society in modern Germany / (Record no. 49758)
[ view plain ]
| 000 -LEADER | |
|---|---|
| fixed length control field | 00723cam a2200229 a 4500 |
| 001 - CONTROL NUMBER | |
| control field | 49758 |
| 003 - CONTROL NUMBER IDENTIFIER | |
| rucl marc code | BD-RjUL |
| 005 - DATE AND TIME OF LATEST TRANSACTION | |
| control field | 20211209054726.0 |
| 008 - FIXED-LENGTH DATA ELEMENTS--GENERAL INFORMATION | |
| fixed length control field | 160822s1949 enk 000 0 eng d |
| 035 ## - SYSTEM CONTROL NUMBER | |
| System control number | (BD-RjUL)49878 |
| System control number | 1034771 |
| 040 ## - CATALOGING SOURCE | |
| Original cataloging agency | VU |
| Language of cataloging | eng |
| Transcribing agency | VU |
| Modifying agency | VU |
| 041 ## - LANGUAGE CODE | |
| Language code of text/sound track or separate title | eng |
| 082 04 - DEWEY DECIMAL CLASSIFICATION NUMBER | |
| Classification number | 370.943 |
| Edition number | 20 |
| Author mark and year | SAE 1949 |
| 100 1# - MAIN ENTRY--PERSONAL NAME | |
| Personal name | Samuel, R. H. |
| Fuller form of name | (Richard H.), |
| Dates associated with a name | 1900- |
| 9 (RLIN) | 149169 |
| 245 10 - TITLE STATEMENT | |
| Title | Education and society in modern Germany / |
| Statement of responsibility, etc. | by R.H. Samuel and R. Hinton Thomas. |
| 260 ## - PUBLICATION, DISTRIBUTION, ETC. (IMPRINT) | |
| Place of publication, distribution, etc. | London : |
| Name of publisher, distributor, etc. | Routledge & Kegan Paul, |
| Date of publication, distribution, etc. | 1949. |
| 300 ## - PHYSICAL DESCRIPTION | |
| Pagination | 191 p. : |
| Illustrations | ill. ; |
| Size | 21 cm. |
| 650 #0 - SUBJECT ADDED ENTRY--TOPICAL TERM | |
| Topical term or geographic name as entry element | Education |
| Geographic subdivision | Germany |
| General subdivision | History. |
| 9 (RLIN) | 141172 |
| 700 1# - ADDED ENTRY--PERSONAL NAME | |
| Personal name | Thomas, R. Hinton |
| Fuller form of name | (Richard Hinton), |
| Dates associated with a name | 1912- |
| 942 ## - ADDED ENTRY ELEMENTS (KOHA) | |
| Source of classification or shelving scheme | Dewey Decimal Classification |
| Koha item type | Books |
| Lost status | Source of classification or shelving scheme | Damaged status | Not for loan | Collection code | Permanent Location | Current Location | Shelving location | Date acquired | Source of acquisition | Cost, normal purchase price | Total Checkouts | Full call number | Date last seen | Copy number | Koha item type |
|---|---|---|---|---|---|---|---|---|---|---|---|---|---|---|---|
| Dewey Decimal Classification | Non-fiction | Central Library, University of Rajshahi | Central Library, University of Rajshahi | 12/09/1955 | Kamrul book house, Dhaka. | 14.50 | 370.943 SAE 1949 | 22/08/2016 | C-2 | Books | |||||
| Dewey Decimal Classification | Not For Loan | Non-fiction | Central Library, University of Rajshahi | Central Library, University of Rajshahi | Reading Room | 12/09/1955 | Kamrul book house, Dhaka. | 8.12 | 370.943 SAE 1949 | 04/02/2017 | C-1 | Books |